00749nam a2200193Ia 4500003000900000008004100009040001600050080002900066100001700095111008600112245019900198260002500397300001800422490003000440650004100470650001500511700001400526700001500540IN-BaIIA211028s9999 xx 000 0 eng d cIIA Library a523.62-726(082.2)bPRO-2 aPizzo, V. J. aInternational Solar Wind Conference YMCAcRockies Estes Park, Colorado,USAd45139 0aSolar windbproceedings of of the sixth international solar wind conference YMCA of the Rockies Estes Park, Colorado,USA, August 23c V. J. Pizzo  aU.S.AbBoulderc1987 aix, 357-714p. aNCAR technical note; v. 2 aAstronomy and astrophysics thesaurus aSolar wind aHolzer, T aSime, D. G